| 000 | 01294nam a2200349 a 4500 | ||
|---|---|---|---|
| 001 | 000109437 | ||
| 003 | CHAP | ||
| 005 | 20250813125459.0 | ||
| 008 | 140429s2013 mx sm |||||||spa d | ||
| 010 | _a105899 | ||
| 011 | _a106871 | ||
| 040 | _cCHAP | ||
| 090 | _aTesis | ||
| 100 | 1 |
_aAndrade Durán, Angélica Gabriela _9126669 |
|
| 245 | 1 | 0 |
_aEvaluación de la rentabilidad del control de Diaphorina citri en la región Huasteca de Veracruz e Hidalgo _h[En línea] _cpor Angélica Gabriela Andrade Durán. |
| 260 |
_aChapingo, Méx. : _bEl autor, _c2013. |
||
| 500 | _aPara ver el contenido del material haga clic en la liga | ||
| 502 | _aTesis (Ing. Agr. Esp. en Parasitología Agrícola) -- UACH. Departamento Parasitología Agrícola | ||
| 590 |
_aBATCH-UPD _b05 _c20141002 _lUCH01 _h0902 |
||
| 590 |
_aBATCH _b00 _c20181121 _lUCH01 _h0758 |
||
| 590 |
_aE5765TAJ _b05 _c20140429 _lUCH01 _h1147 |
||
| 590 |
_aE5765TAJ _b05 _c20140429 _lUCH01 _h1148 |
||
| 650 | 1 | 4 |
_aCítricos _xPlagas. _924458 |
| 650 | 1 | 4 |
_aCítricos _xRendimiento. _924463 |
| 650 | 1 | 4 |
_aDiaphorina citri _932420 |
| 650 | 1 | 4 |
_aInsecticidas _xAplicación. _958857 |
| 856 |
_a1 _n0000357 |
||
| 856 |
_aFinding aid _uhttp://10.13.5.2/tesis/sist109437.pdf _zTeclea aquí |
||
| 901 | _aBK | ||
| 942 | _cTESIS | ||
| 942 | _n0 | ||
| 999 |
_c105899 _d105899 |
||